000 00358 a2200097 4500
245 0 0 _aElementy półprzewodnikowe - Oznaczenia literowe parametrów diod PN-76/T-01501 ark. 01 /
_cMin. Przem. Maszynowego.
246 1 3 _aPN-76/T-01501 ark. 01
246 1 3 _a621.382-777:003.62
260 _aWarszawa :
_bMin. Przem. Maszynowego,
_c1976.
300 _a3 stron ;
_c30 cm.
650 _aPolska norma
999 _c21228
_d21228